Standard specifications for construction work on the primary road system
Descripción Física:
28 cm
Materias:
Carreteres -- Disseny i construcció
MARC
| LEADER | 00000nam a2200000Ia 4500 | ||
|---|---|---|---|
| 001 | 23614, 23615 | ||
| 008 | 160829s1930 xx 000 0 cat d | ||
| 080 | |a C-3-415, C-3-416 | ||
| 245 | |a Standard specifications for construction work on the primary road system | ||
| 260 | |a Iowa : |b Iowa State Highway Commission, |c 1930 | ||
| 300 | |a 28 cm | ||
| 590 | |a A la coberta: Service bulletin of the Iowa State Highway Commission. | ||
| 590 | |a Prové del fons d'Obres Públiques. | ||
| 650 | 0 | |a Carreteres |x Disseny i construcció |9 45825 | |
| 866 | |a 1930 (febr. suplement del vol. 18 núm. 3, maig suplement del vol. 18 núm. 4) | ||
| 901 | |a Arxiu | ||
| 942 | |n 1 | ||
| 952 | |0 0 |1 0 |4 0 |6 C3415_C3416 |7 1 |9 55043 |a Arxiu |b Arxiu |d 2012-08-22 |l 0 |o C-3-415, C-3-416 |p 23614, 23615 |r 2016-12-01 00:00:00 |w 2016-12-01 |y ARXIU | ||
| 999 | |c 58913 |d 58913 | ||